000 00707nam a2200193Ia 4500
003 GCL
008 140319s9999 xx 000 0 ara d
040 _aGCL /
_cGCL
082 0 4 _aق
_b962.05
_bم ر
100 1 _aمحمد ابراهيم
245 1 0 _aربع قرن فى مفاوضات : مجموعة كاملة لوثائق ومشروعات جميع المفاوضات المصرية الانجليزية /
_cمحمد ابراهيم
700 1 _aمحمد زكى عمر
300 _a216 ص
490 _a
650 0 4 _aاستقلال البلاد العربية
650 0 4 _aمصر - المعاهدات
650 0 4 _aمصر - تاريخ - العصر الحديث (1805 - 1956 )
942 _2ddc
_cBK
999 _c45512
_d45512